000 00297nam a22001337a 4500
020 _a81-237-3346-1
082 _a894.812.1
_bORL/M
100 _aORLEV, YOORI
245 _aMUTHIYAMMA THUNNUMBOL
260 _aINDIA
_bNATIONAL BOOK TRUST
_c2000
520 _aPOETRY
650 _aPOETRY
942 _cBK
999 _c4560
_d4560